Skip to main content
Your cart is empty.
Your lists
Log in to create your own lists
Your cookies
العربية
English
العربية
Home
Search
Advanced search
Authority search
About
The noble scholar, jurist, historian
His Excellency Dr. Abdul Wahhab bin Ibrahim Abu Sulaiman, may Allah have mercy on him.
He was born in Umm Al-Qura in the year 1356 AH.
Library catalog
Title
Author
Subject
ISBN
ISSN
Series
Call number
Log in to your account
×
Login:
Password:
Home
MARC view: رسالة أبي داود السجستاني في وصف تأليفه لكتاب السنن /
Normal view
MARC view
ISBD view
رسالة أبي داود السجستاني في وصف تأليفه لكتاب السنن / (Record no. 14514)
[
view plain
]
MARC details
000 -LEADER
fixed length control field
02353cam a22003851i 4500
003 - CONTROL NUMBER IDENTIFIER
control field
SA-RiAUC
005 - DATE AND TIME OF LATEST TRANSACTION
control field
20260307120846.0
008 - FIXED-LENGTH DATA ELEMENTS--GENERAL INFORMATION
fixed length control field
260224s1950 ua g 000 0 ara c
040 ## - CATALOGING SOURCE
Original cataloging agency
SA-RiKSU
Language of cataloging
ara
Transcribing agency
SA-RiAUC
Description conventions
rda
082 04 - DEWEY DECIMAL CLASSIFICATION NUMBER
Classification number
235.4
Assigning agency
SA-RiAUC
090 ## - LOCALLY ASSIGNED LC-TYPE CALL NUMBER (OCLC); LOCAL CALL NUMBER (RLIN)
Classification number (OCLC) (R) ; Classification number, CALL (RLIN) (NR)
م ن 235.4
Local cutter number (OCLC) ; Book number/undivided call number, CALL (RLIN)
ا ب و د
100 1# - MAIN ENTRY--PERSONAL NAME
Personal name
أبو داود، سليمان بن الأشعث بن إسحاق،
Dates associated with a name
202-275 هجري
Relator term
مؤلف.
245 10 - TITLE STATEMENT
Title
رسالة أبي داود السجستاني في وصف تأليفه لكتاب السنن /
Statement of responsibility, etc.
رواية أبو الحسين محمد بن أحمد بن محمد بن جميع ؛ بتقدمة وتعليق محمد زاهد الكوثري.
264 #1 - PRODUCTION, PUBLICATION, DISTRIBUTION, MANUFACTURE, AND COPYRIGHT NOTICE
Place of production, publication, distribution, manufacture
[مكان النشر غير محدد] :
Name of producer, publisher, distributor, manufacturer
[الناشر غير محدد]،
Date of production, publication, distribution, manufacture, or copyright notice
[1950]
264 #3 - PRODUCTION, PUBLICATION, DISTRIBUTION, MANUFACTURE, AND COPYRIGHT NOTICE
Place of production, publication, distribution, manufacture
القاهرة :
Name of producer, publisher, distributor, manufacturer
مطبعة الأنوار
300 ## - PHYSICAL DESCRIPTION
Extent
19 صفحة ؛
Dimensions
29 سم
336 ## - CONTENT TYPE
Content type term
نص
Content type code
txt
Source
rdacontent
Materials specified
كتاب
337 ## - MEDIA TYPE
Media type term
بدون وسيط
Media type code
n
Source
rdamedia
338 ## - CARRIER TYPE
Carrier type term
مجلد
Carrier type code
nc
Source
rdacarrier
501 ## - WITH NOTE
With note
معه : تعطير الأنفاس بذكر سند ابن أركماس-الإفصاح عن حكم الإكراه في الطلاق والنكاح / بقلم محمد زاهد الكوثري.
650 #7 - SUBJECT ADDED ENTRY--TOPICAL TERM
Topical term or geographic name entry element
الحديث
General subdivision
سنن أبي داود
Source of heading or term
aucsh
650 #7 - SUBJECT ADDED ENTRY--TOPICAL TERM
Topical term or geographic name entry element
الحديث
General subdivision
الكتب الستة
Source of heading or term
aucsh
650 #7 - SUBJECT ADDED ENTRY--TOPICAL TERM
Topical term or geographic name entry element
الحديث
General subdivision
شرح
Source of heading or term
aucsh
650 #7 - SUBJECT ADDED ENTRY--TOPICAL TERM
Topical term or geographic name entry element
الحديث
General subdivision
السنن (عدا ما ذكر في الكتب الستة للحديث)
Source of heading or term
aucsh
650 #7 - SUBJECT ADDED ENTRY--TOPICAL TERM
Topical term or geographic name entry element
الحديث
General subdivision
الإسناد الصحيح
Source of heading or term
aucsh
700 1# - ADDED ENTRY--PERSONAL NAME
Personal name
ابن جميع، محمد بن أحمد بن محمد،
Dates associated with a name
305-402 هجري
Relator term
راوي.
700 1# - ADDED ENTRY--PERSONAL NAME
Personal name
الكوثري، محمد زاهد بن الحسن،
Dates associated with a name
1879-1952
Relator term
مقدم.
700 12 - ADDED ENTRY--PERSONAL NAME
Relationship information
مع (عمل) :
Personal name
الكوثري، محمد زاهد بن الحسن،
Dates associated with a name
1879-1952.
Title of a work
تعطير الأنفاس بذكر سند ابن أركماس.
700 12 - ADDED ENTRY--PERSONAL NAME
Relationship information
مع (عمل) :
Personal name
الكوثري، محمد زاهد بن الحسن،
Dates associated with a name
1879-1952.
Title of a work
الإفصاح عن حكم الإكراه في الطلاق والنكاح.
740 02 - ADDED ENTRY--UNCONTROLLED RELATED/ANALYTICAL TITLE
Uncontrolled related/analytical title
سنن أبي داود.
740 02 - ADDED ENTRY--UNCONTROLLED RELATED/ANALYTICAL TITLE
Uncontrolled related/analytical title
تعطير الأنفاس بذكر سند ابن أركماس.
740 22 - ADDED ENTRY--UNCONTROLLED RELATED/ANALYTICAL TITLE
Uncontrolled related/analytical title
الإفصاح عن حكم الإكراه في الطلاق والنكاح.
942 ## - ADDED ENTRY ELEMENTS (KOHA)
Source of classification or shelving scheme
Dewey Decimal Classification
Koha item type
كتاب مصور نادر
Suppress in OPAC
No
949 ## - LOCAL PROCESSING INFORMATION (OCLC)
a
SA-JeALM
d
260224
u
mohamedma123
n
1
Holdings
Withdrawn status
Lost status
Source of classification or shelving scheme
Damaged status
Not for loan
Home library
Current library
Date acquired
Total checkouts
Full call number
Barcode
Date last seen
Price effective from
Koha item type
Dewey Decimal Classification
DR AbdElwahab Library
DR AbdElwahab Library
03/07/2026
م ن 235.4 ا ب و د
000022974
03/07/2026
03/07/2026
كتاب مصور نادر
Place hold
Print
Add to your cart
(remove)
Save record
BIBTEX
Dublin Core
MARCXML
MARC (non-Unicode/MARC-8)
MARC (Unicode/UTF-8)
MARC (Unicode/UTF-8, Standard)
MODS (XML)
RIS
ISBD
More searches
Search for this title in:
Other Libraries (WorldCat)
Other Databases (Google Scholar)
Online Stores (Bookfinder.com)
Open Library (openlibrary.org)
Exporting to Dublin Core...
×
Simple DC-RDF
OAI-DC
SRW-DC